| 000 | 00346nam a2200145Ia 4500 | ||
|---|---|---|---|
| 008 | 150201s2004 xx 000 0 und d | ||
| 082 |
_a612.8 _bN04S |
||
| 100 | _aEDWARD , SUSAN | ||
| 245 | _aNEAUROLOGICAL PHYSIOTHERAPY | ||
| 250 | _a2ND | ||
| 260 |
_bELSEVIER _aINDIA _c2004 |
||
| 300 | _a1-342 | ||
| 650 | _aHUMAN PHYSIOLOGY | ||
| 942 |
_2ddc _cBK |
||
| 999 |
_c1466 _d1466 |
||